000 00206nam a2200085Ia 4500
008 220214s9999 xx 000 0 und d
245 0 _aEconomic review
260 _bState Planning Board
_aTrivandrum
942 _cBJ
999 _c9029
_d9029